|
|
|
|
| LEADER |
01821nam a2200529 a 4500 |
| 001 |
nkc20071762441 |
| 003 |
CZ PrNK |
| 005 |
20260410111153.0 |
| 007 |
ta |
| 008 |
080422s2008 xr a c f 001 0 cze |
| 015 |
|
|
|a cnb001762441
|
| 020 |
|
|
|a 978-80-7352-784-6
|q (váz.) :
|c Kč 299,00
|
| 035 |
|
|
|a (OCoLC)236552513
|
| 040 |
|
|
|a ABA001
|b cze
|
| 041 |
1 |
|
|a cze
|h eng
|
| 072 |
|
7 |
|a 56
|x Paleontologie
|2 Konspekt
|9 7
|
| 072 |
|
7 |
|a 0/9-053.2
|x Literatura pro děti a mládež (naučná)
|2 Konspekt
|9 26
|
| 080 |
|
|
|a 598.192
|2 MRF
|
| 080 |
|
|
|a 56:574
|2 MRF
|
| 080 |
|
|
|a 551.76
|2 MRF
|
| 080 |
|
|
|a (0.062)
|2 MRF
|
| 080 |
|
|
|a (0.053.2)
|2 MRF
|
| 100 |
1 |
|
|a Gee, Henry,
|d 1962-
|7 xx0074866
|4 aut
|
| 245 |
1 |
0 |
|a Svět dinosaurů :
|b [základní příručka cestovatelů druhohorami] /
|c Henry Gee a Luis V. Rey
|
| 250 |
|
|
|a České vyd. 1.
|
| 260 |
|
|
|a Praha :
|b Svojtka & Co.,
|c 2008
|
| 300 |
|
|
|a 144 s. :
|b il. (převážně barev.) ;
|c 28 cm
|
| 500 |
|
|
|a Přeloženo z angličtiny
|
| 500 |
|
|
|a Terminologický slovník
|
| 500 |
|
|
|a Obsahuje rejstřík
|
| 650 |
0 |
7 |
|a dinosauři
|7 ph114326
|2 czenas
|
| 650 |
0 |
7 |
|a paleoekologie
|7 ph115646
|2 czenas
|
| 650 |
0 |
7 |
|a druhohory
|7 ph117573
|2 czenas
|
| 650 |
0 |
9 |
|a dinosaurs
|2 eczenas
|
| 650 |
0 |
9 |
|a paleoecology
|2 eczenas
|
| 650 |
0 |
9 |
|a mesozoic
|2 eczenas
|
| 655 |
|
7 |
|a publikace pro děti
|7 fd133156
|2 czenas
|
| 655 |
|
7 |
|a populárně-naučné publikace
|7 fd131864
|2 czenas
|
| 655 |
|
9 |
|a children's literature
|2 eczenas
|
| 655 |
|
9 |
|a popular works
|2 eczenas
|
| 700 |
1 |
|
|a Rey, Luis V.,
|d 1955-
|7 xx0074865
|4 aut
|
| 765 |
0 |
|
|t Field guide to dinosaurus
|9 Česky
|
| 910 |
2 |
|
|a BOA001
|b 3-1202.488
|
| 990 |
|
|
|a BK
|
| 995 |
|
|
|a 01
|
| 991 |
|
|
|b 200805
|c NOV
|
| 996 |
0 |
|
|b 2610342645
|c 3-1202.488
|l MZK
|r Sklad / do 1 hodiny
|n 0
|p p.v. ; 0 rev. 2022
|w 000896556
|u 000010
|a 1
|e BOA001
|j MZK50
|s V
|